Picos más altos de la Provincia de Huesca - Estadísticas

Estadísticas generales
  • Esta prueba ha sido intentada 26 veces
  • La puntuación promedio es 3 de 20
Estadísticas de respuestas
Posición Hint Respuesta % Correcto
1 3404 Aneto
100%
3 3355 Monte Perdido
96%
2 3368 Posets
58%
11 3325 Cilindro de Marbore
21%
16 3298 Vignemale
21%
7 3350 Espalda del Aneto
4%
13 3312 La Maladeta
4%
8 3346 Pico del Medio
4%
5 3350 Pico Maldito
4%
6 3350 Aguja Daviu
0%
12 3315 Aguja Escudier
0%
19 3289 Clot de la Hount
0%
9 3335 Gendarme Schmidt-Endell
0%
10 3332 Las Espadas o Llardaneta
0%
17 3293 Pico Coronas
0%
18 3290 Pico Tempestades
0%
4 3355 Punta de Astorg
0%
15 3305 Punta Oliveras-Arenas
0%
20 3282 Tuca del Collado de Coronas
0%
14 3311 Tuca de Llaradaneta
0%
No se encontraron pruebas coincidentes
Distribución de puntuación
Porcentaje de gente con cada puntuación
Porcentaje por número respondido
Historial de tus puntuaciones
No has intentado esta prueba.